000 01140nam0a22002651 4500
001 rc\3908175
005 20250610124959.0
021 _aRU
_b[56-57430]
035 _a(NLR Aleph) 007908994
090 _a8085568
_c8085568
100 _a20130415d1956 |||y0rusy50 ca
101 1 _arus
_carm
102 _aRU
105 _ay z |||a|
200 1 _aДрузья
_eРассказы
_e[Пер. с арм.]
210 _aЕреван
_cАйпетрат
_d1956
215 _a154 с.
_d17
327 1 _aСодерж.: У памятника; Отец Оган; Спиридонова ночь; Зулине; Статуя; Скорбь и утешение; Друзья; Вернувшееся счастье; На родине; Гость
464 0 _12001#$aУ памятника$aОтец Оган$aСпиридонова ночь$aЗулине$aСтатуя$aСкорбь и утешение$aДрузья$aВернувшееся счастье$aНа родине$aГость
_tГость
700 1 _aАракс
_f1903-
801 0 _aRU
_bNLR
_gpsbo
801 1 _aRU
_bELAR
_2rusmarc
852 _aNLR
_jЛ40 Г-1/1256
942 _cBOOK
980 _aNB